00626nam a22002177a 450000500170000000800410001701000150005802000260007303500130009903700130011204000130012508200110013810000220014924500660017126000340023727000460027130000340031750000510035165000030040270000030040520111005105644.0111005t xxu||||| |||| 00| 0 eng d aENG-103876 a9788120344358c375.00 aEN-87409 bDBAD/PUB aDPLbENG a658.45 aSengupta, Sailesh aBusiness and managerial communication /cby Sailesh Sengupta aNew DelhibPHI Learningc2011 aM-97, Connaught CircusbNew Delhie110001 axvi,657p. :bill.c24cm (pbk) aIncludes bibliographical references and index